Tenistas argentinos - Estadísticas

Estadísticas generales
  • Esta prueba ha sido intentada 20 veces
  • La puntuación promedio es 8 de 20
Estadísticas de respuestas
Imagen Respuesta % Correcto
Juan Martín del Potro
100%
Guillermo Vilas
85%
David Nalbandian
70%
Gabriela Sabatini
65%
Diego Schwartzman
60%
Guillermo Coria
55%
Francisco Cerúndolo
50%
Gisela Dulko
45%
Juan Mónaco
45%
Gastón Gaudio
40%
Mariano Puerta
30%
Guillermo Cañas
25%
José Luis Clerc
25%
Paola Suarez
25%
José Acasuso
20%
Martín Jaite
20%
Nadia Podoroska
20%
Alberto Mancini
10%
Enrique Morea
5%
Norma Baylon
5%
No se encontraron pruebas coincidentes
Distribución de puntuación
Porcentaje de gente con cada puntuación
Porcentaje por número respondido
Historial de tus puntuaciones
No has intentado esta prueba.